LEADER 01009nam2 2200349li 450 001 990000749420203316 010 $a0-387-98322-8 035 $a0074942 035 $aUSA010074942 035 $a(ALEPH)000074942USA01 035 $a0074942 100 $a20001109d1991997-km-y0itay0103----ba 101 0 $aeng 102 $aUS 200 1 $aRienmannian manifolds$ean introduction to curvature$fJohn M. Lee 210 $aNew York$cSpringer$dc1997 215 $aXV,224 p.$d24 cm 225 2 $aGraduate texts in mathematics$v176 410 0$12001$aGraduate texts in mathematics$v176 606 $aVarietà di Riemann 676 $a516.373 700 1$aLee,$bJohn M. 801 $aIT$bsalbc$gISBD 912 $a990000749420203316 951 $a516.373 LEE$b11197 ING$c516.373 959 $aBK 969 $aTEC 979 $aPATTY$b90$c20011119$lUSA01$h1322 979 $aPATTY$b90$c20011119$lUSA01$h1323 979 $c20020403$lUSA01$h1722 979 $aPATRY$b90$c20040406$lUSA01$h1652 997 $aUNISA LEADER 02287oam 2200541 a 450 001 9910695961203321 005 20070725091019.0 035 $a(CKB)5470000002374188 035 $a(OCoLC)123965229 035 $a(EXLCZ)995470000002374188 100 $a20070504d2007 ua 0 101 0 $aeng 135 $aurmn||||a|||| 181 $ctxt$2rdacontent 182 $cc$2rdamedia 183 $acr$2rdacarrier 200 10$aClimate change$b[electronic resource] $efinancial risks to federal and private insurers in coming decades are potentially significant. : testimony before the Select Committee on Energy Independence and Global Warming, U.S. House of Representatives /$fstatement of John B. Stephenson 210 1$a[Washington, D.C.] :$cU.S. Govt. Accountability Office,$d[2007] 215 $a20 pages $cdigital, PDF file 225 1 $aTestimony ;$vGAO-07-820 T 300 $aTitle from title screen (viewed on May 4, 2007). 300 $a"For release ... May 3, 2007." 300 $aPaper version available from: U.S. Govt. Accountability Office, 441 G St., NW, Rm. LM, Washington, D.C. 20548. 320 $aIncludes bibliographical references. 517 $aClimate change 606 $aClimatic changes$xEconomic aspects$zUnited States 606 $aWeather$xEconomic aspects$zUnited States 606 $aCasualty insurance$xRisk management$zUnited States 606 $aInsurance companies$xRisk management$zUnited States 606 $aGovernment insurance$xRisk management$zUnited States 606 $aLoss control$zUnited States 607 $aUnited States$xClimate$xEconomic aspects 615 0$aClimatic changes$xEconomic aspects 615 0$aWeather$xEconomic aspects 615 0$aCasualty insurance$xRisk management 615 0$aInsurance companies$xRisk management 615 0$aGovernment insurance$xRisk management 615 0$aLoss control 700 $aStephenson$b John B$01380816 712 02$aUnited States.$bCongress.$bHouse.$bSelect Committee on Energy Independence and Global Warming. 712 02$aUnited States.$bGovernment Accountability Office. 801 0$bEJB 801 1$bEJB 801 2$bGPO 906 $aBOOK 912 $a9910695961203321 996 $aClimate change$93426856 997 $aUNINA LEADER 00961nam0-2200301 --450 001 9911012879703321 005 20250924113424.0 010 $a978-88-290-3180-1 100 $a20250709d2025----kmuy0itay5050 ba 101 0 $aita 102 $aIT 105 $a 001yy 200 1 $a<>filosofia nell'epoca dell'intelligenza artificiale$ecome ci aiuta a vivere negli ambienti tecnologici$fAdriano Fabris 210 $aRoma$cCarocci$d2025 215 $a159 p.$d21 cm 225 1 $aBiblioteca di testi e studi$iFilosofia$v1702 610 0 $aIntelligenza artificiale$aFilosofia e Etica 676 $a006.3$v23$zita 700 1$aFabris,$bAdriano$0162157 801 0$aIT$bUNINA$gREICAT$2UNIMARC 901 $aBK 912 $a9911012879703321 952 $a163 FABA 01$b2025/2703$fFLFBC 952 $a006.3 FAB 1$b13128$fBFS 959 $aFLFBC 959 $aBFS 996 $aFilosofia nell'epoca dell'intelligenza artificiale$94403157 997 $aUNINA